000 01075nam a22002897a 4500
001 4338206
003 OSt
005 20210426100153.0
008 881114s1989 paua b 000 0 eng
010 _a 88201683
020 _a0812111261
040 _aeng
_cDLC
_deng
_beng
041 _aeng
050 0 0 _aR145
_b.A46 1989
080 _a61 (09)
_bA-44
100 1 _aAltschule, Mark D.
245 1 0 _aEssays on the rise and decline of bedside medicine /
_cby Mark D. Altschule ; with a foreword by Stewart G. Wolf, Jr.
_b/ by: Distributed by Lea & Febiger
260 _aBangor, PA :
_bTotts Gap Medical Research Laboratories ;
_aPhiladelphia :
_bDistributed by Lea & Febiger,
_c1989.
300 _ax, 458 p. :
_bill. ;
_c25 cm.
504 _aIncludes bibliographical references (p. [423]-458).
650 0 _aMedicine
_xHistory.
650 0 _aHistory of Medicine
_9335
653 _aმედიცინის ისტორია
906 _a7
_bcbc
_corignew
_d3
_encip
_f19
_gy-gencatlg
942 _2udc
_cBK
999 _c882
_d882